007930000a220013300045001000030000002450068000303000050000985000049001485200302001977730045004999420008005449520090005529990017006421 aGonzález A, Juan Carlos10aEl rey del melodrama : Centenario del natalicio de Billy Wilder aVol.0, núm.9 (Junio, 2006), Páginas 20-21 aMédico microbiólogo y crítico de cine. aNo sólo fue el gran director de los años dorados de Hollywood y el reverenciado maestro que descubrió, entre otras, a la rubia de platino Marilyn Monroe. Lo que pocos recuerdan es que Billy Wilder también escribía él mismo los guiones de sus geniales comedias. Ésta es su historia.0 tArcadia / Andrés Felipe Solano, Editor cANA 001040708HEMaFUSBCbFUSBCd2016-01-26l0o r2016-01-26 00:00:00w2016-01-26yANA c61788d61788